00436nam a2200181Ia 4500008004000000020001800040082001900058100002200077245004400099250000500143260003600148300001100184650001300195650002000208650000700228650001200235650000700247210210b1986 xxu||||| |||| 00| 0 eng d a0 07 Y66314 9 a621.38195 HALM aHALL (Douglas V). aMicroprocessors digital systems. Ed 2. a aLondon.bMcGraw-Hill Co.,c1986 avi,474 asystems. aMicroprocessors aEd adigital a2.